Cómo librarse de la tele y sus semejantes: ayudas para educar con el análisis de contenido

Պահպանված է:
Մատենագիտական մանրամասներ
Հիմնական հեղինակ: López Herrerías, José Ángel (autor)
Ձևաչափ: Գիրք
Լեզու:իսպաներեն
Հրապարակվել է: Madrid CCS 1998
Շարք:Colección Educar, 10
Խորագրեր:
Ցուցիչներ: Ավելացրեք ցուցիչ
Չկան պիտակներ, Եղեք առաջինը, ով նշում է այս գրառումը!

MARC

LEADER 00000nam a2200000 a 4500
001 UCO9309
003 CL-VaPUC
008 010125e19980000SP |||||||||||||||||spa|d
082 0 4 |a 371.33584  |b LOP  |2 21 
100 |a López Herrerías, José Ángel  |e autor  |9 454442 
245 1 0 |a Cómo librarse de la tele y sus semejantes: ayudas para educar con el análisis de contenido 
300 |a 239 p 
942 |c BK 
945 |d 20010125 00:00:00  |a cmena 
260 |a Madrid  |b CCS  |c 1998 
650 0 |a Televisión  |9 256845 
650 0 |a Medios de comunicación  |9 257206 
650 0 |a Métodos de enseñanza  |9 270413 
650 7 |a MATERIAL AUDIOVISUAL  |2 CL-VaPUC  |9 308466 
650 0 |a Análisis de contenido  |9 318914 
583 |a last modification  |c 20010125 00:00:00  |k Rodrigo Vera 
490 0 |a Colección Educar, 10 
999 |c 293567  |d 293565 
952 |0 0  |1 0  |4 0  |6 371_335840000000000_LOP_1998  |7 0  |8 A  |9 345185  |a BIBEDU  |b BIBEDU  |d 2019-11-20  |i 3661350  |o 371.33584 LOP 1998  |p 3661350  |r 2019-11-20  |w 2019-11-20  |y BK  |k BME